Top 5 Songs On Gorillaz (Gorillaz) - Statistics

General Stats
  • This quiz has been taken 61 times
    58 since last reset
  • The average score is 4 of 5
Answer Stats
Hint Answer % Correct
637,628,714 Clint Eastwood
98%
100,406,299 19-2000
92%
61,169,936 19-2000 - Soulchild Remix
92%
63,383,630 Tomorrow Comes Today
76%
43,821,210 Rock The House
74%
No matching quizzes found
Score Distribution
Percent of People with Each Score
Percentile by Number Answered
Your Score History
You have not taken this quiz since the last reset